Power, politics, and crime
| 1. VerfasserIn: | |
|---|---|
| Medienart: | Druck Buch |
| Sprache: | Englisch |
| Veröffentlicht: |
Boulder, Colo. [u.a.]
Westview Press
1999
|
| In: | Jahr: 1999 |
| Online-Zugang: |
Inhaltsverzeichnis Publisher description |
| Bestand in Tübingen: | In Tübingen vorhanden. UB: KB 19 A 7808 |
| Verfügbarkeit prüfen: | HBZ Gateway |
| Subito Bestelldienst: | Jetzt bestellen. |
| Schlagwörter: |
MARC
| LEADER | 00000cam a2200000 c 4500 | ||
|---|---|---|---|
| 001 | 249023695 | ||
| 003 | DE-627 | ||
| 005 | 20251222211004.0 | ||
| 007 | tu | ||
| 008 | 980919s1999 xxu||||| 00| ||eng c | ||
| 010 | |a 99032625 | ||
| 016 | 7 | |a 0813334861 |2 UK | |
| 020 | |a 0813334861 |9 0-8133-3486-1 | ||
| 024 | 8 | |a 99032625 |q Identnummer | |
| 035 | |a (DE-627)249023695 | ||
| 035 | |a (DE-576)06915838X | ||
| 035 | |a (DE-599)GBV249023695 | ||
| 035 | |a (OCoLC)833396288 | ||
| 035 | |a (OCoLC)41497071 | ||
| 040 | |a DE-627 |b ger |c DE-627 |e rakwb | ||
| 041 | |a eng | ||
| 044 | |c XD-US |c XA-GB | ||
| 050 | 0 | |a HV6789 | |
| 082 | 0 | |a 364.973 | |
| 084 | |a PH 8240 |2 rvk |0 (DE-625)rvk/136495: | ||
| 084 | |a 86.41 |2 bkl | ||
| 100 | 1 | |a Chambliss, William J. |d 1933-2014 |0 (DE-588)170779998 |0 (DE-627)060912952 |0 (DE-576)160552230 |4 aut | |
| 109 | |a Chambliss, William J. 1933-2014 |a Chambliss, Bill 1933-2014 |a Chambliss, William Joseph 1933-2014 |a Chambliss, William 1933-2014 | ||
| 245 | 1 | 0 | |a Power, politics, and crime |c William J. Chambliss |
| 264 | 1 | |a Boulder, Colo. [u.a.] |b Westview Press |c 1999 | |
| 300 | |a XIV, 173 S. |b graph. Darst. |c 24 cm | ||
| 336 | |a Text |b txt |2 rdacontent | ||
| 337 | |a ohne Hilfsmittel zu benutzen |b n |2 rdamedia | ||
| 338 | |a Band |b nc |2 rdacarrier | ||
| 490 | 0 | |a Crime & society | |
| 500 | |a Literaturangaben | ||
| 583 | 1 | |a Archivierung prüfen |c 20200919 |f DE-640 |z 3 |2 pdager | |
| 650 | 0 | |a Crime |x Political aspects |z United States | |
| 650 | 0 | |a Criminal justice, Administration of |x Political aspects |z United States | |
| 650 | 0 | |a Crime |x United States | |
| 650 | 0 | |a Crime |x Public opinion |x United States | |
| 650 | 0 | |a Criminal justice, Administration of |x United States | |
| 689 | 0 | 0 | |d g |0 (DE-588)4078704-7 |0 (DE-627)106076612 |0 (DE-576)209209682 |a USA |2 gnd |
| 689 | 0 | 1 | |d s |0 (DE-588)4033181-7 |0 (DE-627)106258575 |0 (DE-576)20900052X |a Kriminalpolitik |2 gnd |
| 689 | 0 | 2 | |d s |0 (DE-588)4183472-0 |0 (DE-627)105302465 |0 (DE-576)210018860 |a Strafjustiz |2 gnd |
| 689 | 0 | |5 (DE-627) | |
| 856 | 4 | 2 | |u http://www.gbv.de/dms/spk/sbb/toc/249023695.pdf |m V:DE-601 |m B:DE-1 |q pdf/application |x Verlag |y Inhaltsverzeichnis |3 Inhaltsverzeichnis |7 1 |
| 856 | 4 | 2 | |u http://www.loc.gov/catdir/enhancements/fy0831/99032625-d.html |x Verlag |y Publisher description |7 1 |
| 935 | |i Blocktest | ||
| 936 | r | v | |a PH 8240 |b Kriminalpolitik, Kriminalisierung und Entkriminalisierung; Kriminalität / Prävention; Meinung und Einstellung der Bevölkerung zur Kriminalität und Verbrechenskontrolle; Kriminalitätsfurcht; Ökonomik von Kriminalität |k Rechtswissenschaft |k Strafrecht, Strafverfahrensrecht, Kriminologie |k Kriminologie |k Kriminalität und Kriminalpolitik |k Kriminalpolitik, Kriminalisierung und Entkriminalisierung; Kriminalität / Prävention; Meinung und Einstellung der Bevölkerung zur Kriminalität und Verbrechenskontrolle; Kriminalitätsfurcht; Ökonomik von Kriminalität |0 (DE-627)1271677105 |0 (DE-625)rvk/136495: |0 (DE-576)201677105 |
| 936 | b | k | |a 86.41 |j Kriminologie |0 (DE-627)181572001 |
| 951 | |a BO | ||
| ELC | |b 1 | ||
| LOK | |0 000 xxxxxcx a22 zn 4500 | ||
| LOK | |0 001 3272150552 | ||
| LOK | |0 003 DE-627 | ||
| LOK | |0 004 249023695 | ||
| LOK | |0 005 20020612000000 | ||
| LOK | |0 008 991117||||||||||||||||ger||||||| | ||
| LOK | |0 040 |a DE-21 |c DE-627 |d DE-21 | ||
| LOK | |0 852 |a DE-21 | ||
| LOK | |0 852 1 |c KB 19 A 7808 |9 00 | ||
| LOK | |0 935 |a krim | ||
| LOK | |0 936ln |a k2.4 | ||
| LOK | |0 939 |a 17-11-99 |b l01 | ||
| ORI | |a SA-MARC-krimdoka001.raw | ||
| SIG | |a UB: KB 19 A 7808 | ||
